[Event "Tromso ol (Men) 41st"]
[Site "Tromso"]
[Date "2014.08.12"]
[Round "10.1"]
[White "Saric, Ivan"]
[Black "Carlsen, Magnus"]
[Result "1-0"]
[WhiteElo "2671"]
[BlackElo "2877"]
[Annotator "Roiz,M"]
[PlyCount "73"]
[EventDate "2014.08.02"]
[EventType "team-swiss"]
[EventRounds "11"]
[EventCountry "NOR"]
[SourceTitle "CBM 162"]
[Source "ChessBase"]
[SourceDate "2014.09.17"]
[WhiteTeam "Croatia"]
[BlackTeam "Norway"]
[WhiteTeamCountry "CRO"]
[BlackTeamCountry "NOR"]

1. e4 e5 2. Nf3 Nc6 3. Bb5 Nd4 {As often happens, Magnus goes for a side line
in order to surprise his opponent.} 4. Nxd4 exd4 5. Bc4 $5 {This time Ivan
also deviates from the main stuff in the Bird.} (5. O-O {is much more popular.}
) 5... Nf6 6. O-O {This position is important for the theoretical value of
White's setup.} d5 (6... Nxe4 $5 {was a principled response. White's chances
are preferable in the following complications:} 7. Bxf7+ (7. Re1 d5 8. Bb5+ c6
9. d3 cxb5 10. dxe4 dxe4 11. Rxe4+ Be6 12. Rxd4 Qb6 13. Be3 Bc5 14. Rd3 Bxe3
15. Rxe3 b4 $15 {1/2-1/2 Vavulin,M (2377)-Khairullin,I (2651)/St Petersburg
RUS 2013 (34)}) 7... Kxf7 8. Qh5+ g6 9. Qd5+ Kg7 10. Qxe4 Qf6 (10... c5 11. d3
d6 12. Re1 Rb8 13. Qf4 Bf5 14. Nd2 $14) 11. d3 c6 12. Bf4 d6 13. Nd2 $14 {
1-0 Stevic,H (2588)-Hirneise,T (2440)/Austria 2008/EXT 2009 (39)}) 7. exd5 Be7
{Perhaps, Magnus was out of his preparation at this point. He comes up with a
dubious pawn sacrifice, but it looks like there was no way to equalise anyway.}
(7... Nxd5 8. Qh5 c6 9. d3 $1 (9. Qe5+ Be6 10. Qxd4 Bd6 11. Bxd5 O-O 12. Nc3
cxd5 13. d3 Rc8 $44 {0-1 Givon,A (2329)-Jirka,J (2415)/Tel Aviv 2012/CBM 147
Extra (59)}) 9... Be7 10. Nd2 O-O 11. Nf3 Nf6 12. Qh4 Ng4 13. Qg3 $14) 8. Qf3
$1 $146 {An important novelty in a rare position. Black gets some development
advantage, but White has a solid extra pawn.} (8. Re1 Nxd5 9. Qh5 c6 10. Bxd5
Qxd5 11. Qxd5 cxd5 12. d3 Be6 13. Nd2 Rc8 14. Nf3 Bf6 $11) 8... Bg4 $6 {
Black choosed a wrong order of moves and loses one more central pawn.} (8...
O-O {was much better:} 9. d3 Bg4 10. Qf4 b5 $1 {and White has to play
precisely in order to keep his edge:} 11. Bxb5 (11. Bb3 Bd6 12. Qxd4 c5 13. Qc3
Re8 $44) 11... Qxd5 12. Bc4 Qd7 13. f3 Bd6 14. Qg5 Be6 15. Nd2 $14) 9. Qf4 O-O
(9... Qd7 10. h3 Bf5 11. d3 Nxd5 12. Qxd4 $16) 10. h3 $1 {Now White will grab
a pawn in a better version.} ({The text is better than} 10. Qxd4 c6 11. d3 (11.
Nc3 b5 12. Bd3 b4 13. Ne4 Nxd5 14. Bc4 $14) 11... cxd5 12. Bb3 Rc8 13. Bg5 $14)
10... Bd6 ({Black also fails to prove any compensation for a pawn after} 10...
Bd7 11. Qxd4 b5 12. Be2 $1 (12. Bb3 Bxh3 13. gxh3 c5 14. Qe5 c4 {is less clear}
) 12... Bc6 13. Re1 Nxd5 14. Nc3 Nb4 15. Qxd8 Raxd8 16. Bd1 Rfe8 17. d3 $16)
11. Qxd4 c5 (11... Be6 12. Nc3 c6 13. d3 Nxd5 14. Nxd5 cxd5 15. Bb3 $16) 12.
Qd3 Bh5 (12... Bd7 13. Nc3 a6 14. a4 Re8 15. Qf3 $16) 13. Nc3 {White is 2
pawns up, but the q-side pieces are still undeveloped, so Black still has some
practical chances to complicate matters.} (13. f4 $5 Bg6 14. f5 Bh5 15. Nc3 Re8
16. b3 a6 17. a4 Qe7 18. Ba3 $16 Qe5 $140 19. g3) 13... Re8 (13... Bg6 14. Qf3
Nd7 15. d3 Ne5 16. Qd1 $16) 14. f4 $1 {Ivan is on top again! Now there some
problems with the Bh5 too.} ({The quiet alternative} 14. b3 $6 {wasn't
convincing:} a6 15. a4 Qa5 $1 16. Ra2 (16. Bb2 Bg6 17. Qf3 Bxc2 $132) 16... Qc7
17. Bb2 Rad8 $44) 14... a6 15. a4 {Restricting any activity on the q-side.} ({
Correctly avoiding} 15. g4 $2 Bg6 16. f5 Nxg4 $1 17. fxg6 fxg6 18. Ne4 (18.
hxg4 Qh4 $19) 18... Qh4 19. Nxd6 Re3 20. Qxe3 Nxe3 21. dxe3 Qg3+ 22. Kh1 Qxh3+
$11) 15... Qd7 (15... Bg6 16. Qf3 Bxc2 17. d3 Bxa4 18. Rxa4 b5 19. Nxb5 axb5
20. Bxb5 Rxa4 21. Bxa4 Re7 22. Bb5 Rb7 23. Bc4 $18) (15... Qa5 16. Ra3 h6 17.
g4 Bg6 18. f5 Bh7 19. Qf3 Nd7 20. d3 Ne5 21. Qg2 $18) 16. Qg3 {Now White needs
just 2 tempi to complete the development by d2-d3 and Bc1-d2.} Ne4 (16... Re7
17. d3 Rae8 18. Bd2 Qc7 19. a5 $18) 17. Nxe4 Rxe4 18. b3 (18. d3 $5 {is worthy
of attention:} Re2 19. d4 (19. Qh4 Bg6 20. Qg4 Qxg4 21. hxg4 f5 $16) 19... Re4
20. Bd3 Rxd4 21. Be3 Rxd5 22. Be4 Be7 23. Bxd5 Qxd5 24. f5 $16) 18... Qc7 $6 {
A decisive mistake.} (18... Bg6 {was called for:} 19. Bb2 Qc7 20. Rae1 (20. Qc3
f6 21. Rae1 Rae8 22. Rxe4 Rxe4 23. f5 Bf7 $16) 20... Bxf4 21. Qf3 Rae8 22. Rxe4
Rxe4 23. Bd3 Bh2+ 24. Kh1 Re7 $16) 19. d3 Re2 (19... Ree8 20. Qf2 f6 21. Be3
Bf7 22. a5 $18) 20. Qg5 $18 {Provoking Black's next move.} g6 ({After} 20...
Bg6 21. f5 Re5 22. Bb2 f6 23. Qg4 $18 {White's material advantage is too big.})
21. Bb2 {Now the Kg8 is in trouble.} (21. g4 {was also good enough:} Rxc2 22.
gxh5 Re8 23. hxg6 hxg6 24. Qg3 Ree2 25. Be3 $18) 21... Be7 {A sad necessity.} (
21... Rxc2 {is just as hopeless:} 22. Qf6 Rxb2 23. Qxb2 Bxf4 24. d6 Qxd6 25.
Bxf7+ Kxf7 26. Rxf4+ Qxf4 27. Rf1 $18) 22. Bf6 ({Another nice way was} 22. d6
Qxd6 23. Qe5 $1 Rxe5 24. Bxf7+ Kf8 25. fxe5 Qc7 26. Bxg6+ Kg8 27. Bxh5 $18)
22... h6 23. Be5 $1 {The final touch. Black cannot avoid simplifications.} Qd8
(23... hxg5 24. Bxc7 gxf4 25. Rxf4 Rxc2 26. g4 g5 27. Rf3 Bg6 28. d6 $18) 24.
Qxh6 Rxe5 25. d6 ({Of course, not} 25. fxe5 $2 Bg5 {and the queen is trapped.})
25... Re2 26. dxe7 Qxe7 (26... Qd4+ 27. Kh1 Rxe7 28. f5 $18) 27. f5 Qh4 {
At this moment White has a lot of winning continuations.} 28. Qf4 {Liquidating
into a completely winning endgame.} (28. fxg6 Rxg2+ 29. Kxg2 Bf3+ 30. Rxf3 Qxh6
31. gxf7+ Kh7 32. Raf1 $18) (28. Bxf7+ Kxf7 29. fxg6+ Ke6 30. g7+ Kd7 31. Rf7+
Re7 32. Rxe7+ Kxe7 33. Rf1 $18) 28... g5 29. Qxh4 gxh4 30. Rf4 Rxc2 31. Rxh4
Be2 32. Re4 {The rest is just an agony.} Rd2 (32... Kf8 33. Re1 b5 34. axb5
axb5 35. Bxb5 (35. R4xe2 Rxe2 36. Rxe2 bxc4 37. dxc4 $18) 35... Raa2 36. f6 $18
) 33. Re7 Bxd3 34. Bxf7+ Kf8 35. f6 Rd8 (35... Re2 36. Bg6 $1 Rxe7 37. fxe7+
Kxe7 38. Bxd3 $18) 36. Bh5 Kg8 37. Re8+ 1-0

[Event "Tromso ol (Men) 41st"]
[Site "Tromso"]
[Date "2014.08.11"]
[Round "9.1"]
[White "Carlsen, Magnus"]
[Black "Solak, Dragan"]
[Result "1-0"]
[WhiteElo "2877"]
[BlackElo "2632"]
[Annotator "Roiz,M"]
[PlyCount "119"]
[EventDate "2014.08.02"]
[EventType "team-swiss"]
[EventRounds "11"]
[EventCountry "NOR"]
[SourceTitle "CBM 162"]
[Source "ChessBase"]
[SourceDate "2014.09.17"]
[WhiteTeam "Norway"]
[BlackTeam "Turkey"]
[WhiteTeamCountry "NOR"]
[BlackTeamCountry "TUR"]

1. c4 c6 2. Nf3 d5 3. e3 Nf6 4. Nc3 a6 5. h3 $5 {An interesting way to deviate
from the main lines in the Slav.} e6 6. b3 ({After} 6. d4 Nbd7 {Black has a
superb version of the Meran.}) 6... Bd6 {Black is ready to push e6-e5, so
White should clarify the situation in the centre.} ({The alternatives are:} 
6... c5 7. cxd5 (7. d4 Nc6 8. Bb2 cxd4 9. Nxd4 Bd6 10. Be2 O-O 11. O-O Qe7 $11
{0-1 Gelfand,B (2729)-Bacrot,E (2707)/Rishon Le Ziyyon 2006/CBM 114 ext (39)})
7... exd5 8. d4 Nc6 9. Bb2 cxd4 10. Nxd4 Bd6 11. Nxc6 bxc6 12. Bd3 O-O 13. O-O
$14) (6... Nbd7 7. d4 (7. Bb2 e5) 7... Bb4 8. Bd2 O-O 9. Bd3 Bd6 (9... Qe7 $5)
10. O-O e5 11. cxd5 cxd5 12. dxe5 Nxe5 13. Nxe5 Bxe5 14. Rc1 {may transpose to
another topical line of Meran.}) 7. d4 Nbd7 8. Bb2 O-O 9. Be2 $146 {A natural
novelty in a typical but rare Meran position.} ({There was an alternative
worth considering:} 9. Bd3 $5 e5 (9... Re8 10. O-O e5 11. dxe5 Nxe5 12. cxd5
cxd5 13. Na4 Nc6 14. Bxf6 Qxf6 15. Nb6 Rb8 16. Nxd5 $14 {1/2-1/2 Daly,C (2365)
-Ryan,J (2275)/Drogheda 1999/EXT 2000 (79)}) 10. cxd5 cxd5 11. dxe5 Nxe5 12.
O-O Nxf3+ 13. Qxf3 Be5 14. Rfd1 $14 {with some pressure on the isolated pawn.})
9... Qe7 10. g4 $6 {White's setup isn't suitable for such aggressive measures.}
({More to the point was} 10. O-O e5 $140 (10... b6 $5 11. Qc2 Bb7 {might be
the best way to handle this position.}) 11. dxe5 (11. cxd5 $6 e4 12. Nd2 cxd5
$15) 11... Nxe5 12. cxd5 Nxf3+ 13. Bxf3 Qe5 14. g3 Bxh3 15. dxc6 bxc6 (15...
Bxf1 $2 16. cxb7 Rad8 17. Qxf1 $18) 16. Re1 Rfd8 17. Qc2 Qg5 18. Ne2 $14) 10...
b5 {Black has control over the key e4-square, so there is no need to hurry
with 10...Ne4.} 11. g5 {What else?} (11. Qc2 dxc4 12. bxc4 bxc4 13. g5 Nd5 14.
Bxc4 Rb8 $15) (11. c5 Bc7 12. b4 a5 13. a3 e5 $15) 11... Ne4 {Black takes over
the initiative, as the Ke1 is stuck in the centre.} 12. Nxe4 (12. c5 {was
hardly any better:} Bc7 13. Nxe4 dxe4 14. Nd2 e5 15. Qc2 f5 $36) 12... dxe4 13.
Nd2 f5 $1 ({The text is much stronger than} 13... Qxg5 14. Nxe4 Bb4+ 15. Kf1
Qh4 16. Nd2 $132) 14. h4 {That is probably the best practical decision - the
advanced kingside pawns may give White some tactical resources in the future.}
(14. gxf6 {Opening up the f-file couldn't suit White:} Nxf6 15. Qc2 e5 16.
O-O-O exd4 17. Bxd4 (17. exd4 Bf5 18. Nf1 bxc4 19. Bxc4+ Nd5 20. Ne3 Kh8 $15)
17... Be5 $15) 14... e5 {This natural advance is the most natural way to
proceed.} ({But Black had a better way to develop the initiative:} 14... c5
$142 $1 15. cxb5 cxd4 16. Bxd4 axb5 17. Bxb5 Ne5 $36) 15. c5 Bc7 16. a4 $6 {
White has no time for real counterplay on the queenside.} ({It was the right
moment to get some space for the pieces:} 16. b4 $1 exd4 17. exd4 Kh8 (17...
Bb7 18. Qb3+ Kh8 19. a4 f4 20. f3 $132) 18. a4 Bb7 19. Qb3 $132) 16... f4 $1 (
16... exd4 17. exd4 Bb7 (17... e3 18. Nf3 Re8 19. Qd3 exf2+ 20. Kxf2 $132) 18.
b4 f4 19. Qc2 e3 20. Nf3 $132) 17. Qc2 {Freeing a way for the king.} ({There
was no time for} 17. axb5 {in view of} fxe3 18. bxc6 exf2+ 19. Kf1 exd4 20.
cxd7 Bxd7 21. Bxd4 e3 22. Nf3 Rad8 23. Bc4+ Be6 $36 {with a strong attack.})
17... fxe3 (17... exd4 $5 18. Bxd4 Ne5 19. Nxe4 (19. axb5 cxb5 20. Qxe4 Bf5 21.
Qd5+ Kh8 $40) 19... Bf5 20. O-O-O Qe6 $36) 18. fxe3 exd4 19. Bxd4 {This
decision is double-edged. White keeps the bishop useful along the a1-h8
diagonal, but Black gets the important e5-square for his pieces.} ({On the
other hand,} 19. exd4 e3 20. Nf1 Qf7 21. O-O-O Re8 $36 {looks unpleasant as
well.}) 19... Ne5 20. axb5 $6 {Magnus is playing with fire. Black gets a
golden opportunity to develop a direct attack.} (20. Nxe4 {was called for:}
Nf3+ (20... Ba5+ 21. Kd1 Bg4 22. Bxg4 Nxg4 23. Kc1 Bc7 $44) 21. Bxf3 Rxf3 22.
axb5 cxb5 23. Rg1 Qe8 $44 {In the resulting position Black has obvious
compensation for a pawn, but there is nothing decisive.}) 20... Nd3+ $1 {
Dragan takes his chance.} (20... cxb5 21. Qxe4 Bf5 22. Qd5+ Kh8 23. O-O-O Rfd8
24. Qg2 Rac8 $44) 21. Bxd3 exd3 22. Qxd3 Bf5 $36 {The light squares in White's
camp are extremely weak now.} 23. Qe2 (23. Qc3 Bg3+ 24. Kd1 axb5 $36) 23...
cxb5 ({There was nothing wrong with the other recapture} 23... axb5 24. Rxa8
Rxa8 25. O-O Bh3 $17) (23... Bg3+ $5 24. Kd1 Rad8 $1 25. Qc4+ (25. bxa6 $4 Rxd4
26. exd4 Bc2+ $19) 25... Be6 26. Qc3 axb5 $17) 24. O-O-O {The king is under
attack there too, but there was no choice.} Qe6 {At this stage of the game
Magnus had to find precise moves in order to avoid an immediate loss.} (24...
Rad8 $5 25. Qg2 Rxd4 26. exd4 Qe3 27. Kb2 Qxd4+ 28. Ka2 Qxc5 $17) 25. Qg2 Rad8
(25... Be5 26. Rde1 Rac8 27. h5 Bd3 $17) 26. Rhf1 Be5 27. Rde1 Bd3 $2 {The
first serious inaccuracy by Dragan in this game. Exchanging one pair of rooks
will decrease the attacking potential.} (27... Rf7 $1 {[%cal Gf5h3]} 28. h5 (
28. Rg1 Rc7 $19) 28... Bh3 29. Qe4 Bxf1 30. Qxe5 Qxe5 31. Bxe5 Rd5 32. Bd6 Bg2
$17) 28. Rxf8+ Rxf8 29. Rd1 {Now it looks like White has almost consolidated,
but Black starts to disturb the king again.} a5 $1 30. h5 a4 31. Kb2 $2 {
This could be a decisive mistake by the World Champion, but Dragan's task
wasn't easy.} (31. h6 $1 Bg6 32. Qb7 Rb8 33. Qa7 gxh6 34. gxh6 Qd5 35. Rg1 $132
) 31... Rd8 $2 {This natural move (especially under time pressure) is actually
a serious mistake.} ({Provoking b3-b4 would drastically change the picture:} 
31... Rc8 $1 32. b4 {and only now} Rd8 $1 {wins by force:} 33. Qf2 (33. h6 a3+
$1 34. Kc3 Bg6 $19 {[%cal Ge6a2]}) 33... a3+ 34. Ka1 Qg4 35. Nf3 Bxd4+ 36. exd4
Be4 37. Rf1 Bxf3 38. Qxf3 Qxd4+ $19) 32. h6 $1 {Now the threat of 32...Rxd4
isn't fatal, so White can create some counterplay and stay in the game!} a3+ $2
{Mistakes are rarely come alone in such sharp positions!} (32... Rxd4 {leads
only to equality after} 33. exd4 Bxd4+ 34. Ka3 Bxc5+ 35. b4 Bf8 (35... Bxb4+
36. Kxb4 Qd6+ 37. Ka5 Qc7+ 38. Kb4 Qd6+ $11) 36. hxg7 Bxg7 37. Rc1 Bg6 38. Qa8+
Bf8 39. Qc6 $11) ({But} 32... Bxd4+ 33. exd4 Qe3 34. Qg1 Qf4 $1 {would still
keep the initiative. For instance,} 35. Nf1 Be2 36. g6 gxh6 37. Re1 Re8 38. c6
Qf3 39. Qg3 Qxc6 40. gxh7+ Kxh7 41. Nd2 Bh5 $15) 33. Ka2 Bxd4 34. exd4 {
Suddenly the Ka2 is not under attack, so Black has his troubles!} Qe3 35. Qg1
$2 {Returning the favour.} (35. c6 $1 {\/After} Qf4 (35... Qxd4 36. Ne4 Rc8 37.
Nc5 $18) 36. Nf1 Rxd4 (36... Qxd4 37. c7 Rc8 38. Rd2 Rxc7 39. Qa8+ Kf7 40. Qf3+
Kg8 41. Qxd3 $18) 37. Qh2 $3 {Black cannot keep the queens on the board, so
the passed c-pawn decides the game.}) 35... Qe2 $2 ({The game should have
ended in a draw in the event of} 35... Qf4 36. Nf1 Be2 37. Rd2 Bxf1 38. Rf2
Qxd4 39. Qxf1 Qxc5 $11) 36. Qe1 {Magnus doesn't miss a second chance to swap
the queens.} Rxd4 37. c6 Rd6 $1 ({Correctly deviating from the rook ending:} 
37... Bb1+ 38. Kxa3 Qxe1 39. Rxe1 Rxd2 40. Rxb1 Rc2 41. Kb4 Rxc6 42. Kxb5 Rg6
43. b4 Rxg5+ 44. Kc6 Rg6+ 45. Kc7 Rxh6 46. b5 $18) 38. c7 Rc6 39. Qxe2 Bxe2 40.
Re1 Bg4 41. Re7 {The endgame loos really difficult for Black, but there are
definite drawish chances.} gxh6 42. gxh6 Rxh6 43. Re4 {Now Black has to find a
good square for the bishop...} (43. Kxa3 $2 Kf8 44. Re4 Bd7 45. Rd4 Ke7 $11)
43... Bf5 $2 {Finally Dragan overlooks a nice tactical resource and loses on
the spot.} ({Had he played} 43... Bd7 44. Rd4 Bh3 45. Rd3 Bf5 46. Rg3+ Kh8 $14
{the position would be drawish due to a reduced material balance.}) 44. Nf3 $1
{That is the point! The bishop is vulnerable on f5, so White can avoid a pin
and win a piece.} (44. Re5 $2 Rh2 45. Rxf5 Rxd2+ 46. Kxa3 Rc2 $11) 44... Bh3 (
44... Rc6 {offered no hope either:} 45. Nd4 Rxc7 46. Nxf5 $18) ({And} 44... Ra6
45. Nd4 Bd7 46. Re8+ Kf7 47. c8=Q Bxc8 48. Rxc8 $18) 45. Ng5 Bf5 46. Re5 Bg4
47. Ne6 $18 {Finally White wins a piece and easily wins.} Rh2+ 48. Kxa3 Rc2 49.
Rg5+ ({A slightly simpler way was} 49. Nc5 Kf7 50. Kb4 h5 51. Rxh5) 49... Kf7
50. Nd4 (50. Nc5 h6 51. Rd5 Ke7 52. Kb4 $18) 50... Rxc7 51. Rxg4 Rb7 52. Kb4
Kf6 53. Nf3 {Preventing any counterplay.} ({There was also nothing wrong with} 
53. Nxb5 h5 54. Rg2 h4 55. Kc5 h3 56. Rh2 Rh7 57. Nd4 Kg5 58. b4 Kg4 59. Ne2
$18) 53... h5 54. Rf4+ Kg6 55. Kc5 b4 ({Or} 55... Rb8 56. b4 Rb7 57. Kc6 Rb8
58. Kc7 Rh8 59. Kb6 Rb8+ 60. Kc6 Kg7 61. Rf5 $18) 56. Rxb4 Rxb4 57. Kxb4 Kf5
58. Kc3 Kf4 59. Nh4 Kg4 60. b4 ({Black resigns in view of} 60. b4 Kxh4 61. b5
Kg3 62. b6 h4 63. b7 h3 64. b8=Q+) 1-0

[Event "Tromso ol (Men) 41st"]
[Site "Tromso"]
[Date "2014.08.10"]
[Round "8.1"]
[White "Predojevic, Borki"]
[Black "Carlsen, Magnus"]
[Result "0-1"]
[WhiteElo "2604"]
[BlackElo "2877"]
[PlyCount "96"]
[EventDate "2014.08.02"]
[EventType "team-swiss"]
[EventRounds "11"]
[EventCountry "NOR"]
[SourceTitle "CBM 162"]
[Source "ChessBase"]
[SourceDate "2014.09.17"]
[WhiteTeam "Bosnia&Herzegovina"]
[BlackTeam "Norway"]
[WhiteTeamCountry "BIH"]
[BlackTeamCountry "NOR"]

1. Nf3 c5 2. c4 Nc6 3. g3 g6 4. Bg2 Bg7 5. Nc3 d6 6. O-O e6 7. d3 Nge7 8. Bd2
b6 9. Qc1 h6 10. a3 Bb7 11. Rb1 Qd7 12. b4 Rd8 13. Nb5 Ba8 14. Rd1 g5 15. Bc3
e5 16. Ba1 Nd4 17. Nbxd4 cxd4 18. e3 Qf5 19. Ne1 Bxg2 20. Nxg2 O-O 21. exd4
exd4 22. Qd2 Ng6 23. f4 Rfe8 24. Rf1 g4 25. Rbe1 Bf6 26. Rxe8+ Rxe8 27. Re1 Re6
28. Bb2 Ne7 29. Rxe6 fxe6 30. Qe2 Kf7 31. Ne1 h5 32. Bc1 b5 33. cxb5 Qxb5 34.
h3 gxh3 35. Kh2 Qf5 36. Bd2 Qg4 37. Nf3 Nf5 38. Be1 Ne3 39. Ng1 Qxe2+ 40. Nxe2
Nc2 41. Bd2 Nxa3 42. Kxh3 Nb1 43. Be1 Nc3 44. Nc1 Nd5 45. Ne2 Ne3 46. Bf2 Nc2
47. b5 e5 48. g4 e4 0-1